Normal view
MARC view
- تطبيق جامعة عجلون الوطنية = Ajloun App = نظام حوسبة
Entry Topical Term
001 - CONTROL NUMBER
- control field: 58286
003 - CONTROL NUMBER IDENTIFIER
- control field: JO-AjAnu
005 - DATE AND TIME OF LATEST TRANSACTION
- control field: 20230606083535.0
008 - FIXED-LENGTH DATA ELEMENTS
- fixed length control field: 230606|| aca||aabn | a|a d
040 ## - CATALOGING SOURCE
- Original cataloging agency: JO-AjAnu
- Transcribing agency: JO-AjAnu
150 ## - HEADING--TOPICAL TERM
- Topical term or geographic name entry element: تطبيق جامعة عجلون الوطنية = Ajloun App = نظام حوسبة
670 ## - SOURCE DATA FOUND
- Source citation: Work cat.: (JO-AjAnu)29734: اعداد رامي صبحي العزام، صهيب حسن بلال، زيد نعيم المومني، سبف احمد عنانبة؛ اشراف حسن المعيدي, author 58285, تطبيق جامعة عجلون الوطنية = Ajloun App